El Molino. Texto de lectura nº 1.

Gespeichert in:
Bibliographische Detailangaben
1. Verfasser: Alonso, Fernando. Autor
Weitere Verfasser: Moyano, Celia. Autora
Format: Buch
Sprache:Spanisch
Erschienen: Madrid Santillana 1979
Katalog:MANES:  Suchergebnis im Bibliothekskatalog
Schulbuchspezifische Eigenschaften:
Tags: Tag hinzufügen
Keine Tags, Fügen Sie den ersten Tag hinzu!
Hinzugefügt zu:27.10.2020
Geändert in:07.05.2025

MARC

LEADER 00000nam a22000007a 4500
005 20250507133404.0
008 201028b ||||| |||| 00| 0 spa d
561 |5 es-CICE  |3 FMa/EL242  |a España. Centro Internacional de la Cultura Escolar  |k MANES 
999 |c 89062  |d 89062 
040 |a centro_manes  |c Centro_internacional de la cultura escolar 
100 |9 3144  |a Alonso, Fernando. Autor 
245 |a El Molino. Texto de lectura nº 1. 
260 |a Madrid  |b Santillana  |c 1979 
300 |a 79 p.  |c 21.5 x 15 cm 
500 |a Contiene ilustraciones a color. 
546 |a España 
690 0 |a EyL 
691 0 |a PRI 
700 |9 3147  |a Moyano, Celia. Autora 
942 |2 ddc  |c BK 
999 |c manes:89062  |d 89062